000 00516nam a2200169 4500
001 140204
003 ES-MaACL
005 20230906200030.0
007 t|
008 070214s1968 sp r ||||1| spa d
100 1 _aSeghers, Anna.
_9105131
245 1 4 _aLas bodas de Haití
_b: (relatos) /
_cAnna Seghers ; [traducción de Michael Faber-Kaiser].
260 _aBarcelona :
_bSeix Barral,
_c1968.
300 _a227 p. ;
_c20 cm.
700 0 _aFaber-Kaiser, Michael.
_948510
852 _aES-MaACL
_jC-35062
_bR.66402
999 _c140204
_d140204